000 01011nam a22002537a 4500
005 20140314104546.0
008 140314s2009 ck d gr 00010 spa d
020 _a9589382112
041 _aspa
044 _ack
082 0 4 _a349.861
_bC71c
110 1 _aColombia
_bMinisterio del Interior y de Justicia
_921662
245 1 3 _aLa consulta previa a grupos étnicos en Colombia
_bcompendio de legislación, jurisprudencia y documentos de estudio
_cMinisterio del Interior y de Justicia
250 _a2a. ed.
260 _aBogotá
_bMinisterio del Interior y de Justicia
_c2009
300 _a782 p.
_btablas, gráficas
_c24 cm.
504 _aIncluye bibliografía página 782
650 4 _aIndígenas de Colombia
_x Legislación
_921663
650 4 _aDerechos humanos
_z Colombia
_921664
650 4 _aDerechos de los indígenas
_z Colombia
_v Jurisprudencia
_921665
650 4 _aJurisprudencia etnológica
_z Colombia
_921666
650 4 _aConsulta previa
_x Legislación
_z Colombia
_921667
942 _2ddc
_cImpreso
999 _c8293
_d8293